[A note] of some things called into question and controverted in the exiled English church at Amsterdam.

Bibliographic Details
Main Author: Johnson, Francis, 1562-1618
Format: eBook
Language:English
Published: [Amsterdam? publisher not identified, 1611].
Series:Early English books online.
Subjects:
Online Access:Connect to the full text of this electronic book

MARC

Tag First Indicator Second Indicator Subfields
LEADER 00000nam a2200000Ia 4500
001 in00004180010
005 20200807084927.0
006 m g d
007 cr bn |||a|bb|
008 090707s1611 ne o 000 0 eng d
040 |a UMI  |e dcrb  |c UMI 
035 |a (OCoLC)422790359 
037 |a CL0036000084  |b ProQuest, 789 E. Eisenhower Parkway, Ann Arbor, MI 48108-3218 
043 |a e-uk-en  |a e-ne--- 
090 |a BX7230  |b .J6 
049 |a UMIA 
100 1 |a Johnson, Francis,  |d 1562-1618. 
245 1 3 |a [A note] of some things called into question and controverted in the exiled English church at Amsterdam. 
260 |a [Amsterdam?  |b publisher not identified,  |c 1611]. 
300 |a 1 online resource ([4] pages) 
336 |a text  |b txt  |2 rdacontent 
337 |a computer  |b c  |2 rdamedia 
338 |a online resource  |b cr  |2 rdacarrier 
500 |a Attributed to Francis Johnson by STC (2nd edition). 
500 |a Place and date of publication from STC (2nd edition). 
500 |a Tailpiece. 
500 |a Signatures: ***⁴. 
500 |a This item is seventh in a group of ten items bound and filmed together. 
500 |a Imperfect: stained, with loss of text. 
500 |a Reproduction of original in: Boston Public Library. 
510 4 |a STC (2nd edition)  |c 14662.5 
533 |a Electronic reproduction.  |b Ann Arbor, Mich. :  |c UMI,  |d 1999-  |f (Early English books online)  |n Digital version of: (Early English books, 1475-1640 ; 2340:8g)  |7 s1999 miun s 
650 0 |a Dissenters, Religious  |z England  |v Early works to 1800. 
650 0 |a Dissenters, Religious  |z Netherlands  |v Early works to 1j800. 
650 0 |a Congregationalism  |v Early works to 1800. 
830 0 |a Early English books online. 
856 4 0 |u http://proxy.library.tamu.edu/login?url=https://search.proquest.com/docview/2240932621  |z Connect to the full text of this electronic book  |t 0 
994 |a 02  |b UMI 
999 f f |s 4ecd10ce-51db-3d7a-86bb-b828359ead58  |i d1fe7617-aa5b-3b95-80d3-a2579b70297f  |t 0 
952 f f |a Texas A&M University  |b College Station  |c Electronic Resources  |d Available Online  |t 0  |e BX7230 .J6  |h Library of Congress classification 
998 f f |a BX7230 .J6  |t 0  |l Available Online